| 000 | 00827nam a2200229 a 4500 | ||
|---|---|---|---|
| 001 | 000041995 | ||
| 005 | 20201002035856.0 | ||
| 008 | 090820s1995 sp 001 0 spa d | ||
| 020 | _a8481640557 | ||
| 040 |
_aDO-SdBNP _bspa _cBNPHU |
||
| 082 |
_a149.7 _bR121e |
||
| 245 | 0 | 0 |
_aRelacionalidad epistémica / _cedición León Olivé. |
| 260 |
_aMadrid : _bTrotta : _bConsejo Superior de Investigaciones Científicas :, _c1995. |
||
| 300 |
_av. ; _c24 cm. |
||
| 490 | 1 |
_aEnciclopedia Iberoaméricana de Filosofía _v9 |
|
| 500 | _aIncluye referencias bibliográficas y notas al pie de las páginas | ||
| 504 | _aBibliografía : p. 57-58 | ||
| 650 | 4 |
_aRacionalismo _934112 |
|
| 700 | 1 | 2 |
_aOlivé, León _eed. _968936 |
| 830 | 0 |
_aEnciclopedia Iberoaméricana de Filosofía _v9 _915735 |
|
| 910 | _aValidado. Control de calidad MFF | ||
| 999 |
_c41484 _d41484 |
||